| 000 -LEADER |
| fixed length control field |
01003nam a2200229Ia 4500 |
| 001 - CONTROL NUMBER |
| control field |
17747 |
| 003 - CONTROL NUMBER IDENTIFIER |
| control field |
GE_BSU |
| 008 - FIXED-LENGTH DATA ELEMENTS--GENERAL INFORMATION |
| fixed length control field |
181216s||||||||xx |||||||||||||| ||und|| |
| 020 ## - INTERNATIONAL STANDARD BOOK NUMBER |
| International Standard Book Number |
9789941132070 |
| 040 ## - CATALOGING SOURCE |
| Transcribing agency |
GE_BSU |
| 080 ## - UNIVERSAL DECIMAL CLASSIFICATION NUMBER |
| Universal Decimal Classification number |
574 |
| 245 ## - TITLE STATEMENT |
| Title |
100+კითხვა-პასუხი გამოყენებით ეკოლოგიაში |
| 245 ## - TITLE STATEMENT |
| Remainder of title |
მეთოდური მითითებანი |
| 245 ## - TITLE STATEMENT |
| Statement of responsibility, etc. |
შემდგ-ბი: აბდალაძე,ოთარ., აზმაიფარაშვილი,მაია, ალაკბაროვი ურხან. რედ.:თენგიზ ურუშაძე., ლია მაჭავარიანი |
| 260 ## - PUBLICATION, DISTRIBUTION, ETC. |
| Place of publication, distribution, etc. |
თბილისი |
| 260 ## - PUBLICATION, DISTRIBUTION, ETC. |
| Name of publisher, distributor, etc. |
თსუ |
| 260 ## - PUBLICATION, DISTRIBUTION, ETC. |
| Date of publication, distribution, etc. |
2011 |
| 300 ## - PHYSICAL DESCRIPTION |
| Extent |
183გვ.20სმ. |
| 300 ## - PHYSICAL DESCRIPTION |
| Accompanying material |
ბიბლ.გვ.179-183 |
| 653 ## - INDEX TERM--UNCONTROLLED |
| Uncontrolled term |
100+კითხვა-პასუხი გამოყენებით ეკოლოგიაში |
| 942 ## - ADDED ENTRY ELEMENTS (KOHA) |
| Koha item type |
წიგნი |